| 000 | 01083nam a22002417a 4500 | ||
|---|---|---|---|
| 005 | 20100821105420.0 | ||
| 008 | 100412t xxu||||| |||| 00| 0 ur d | ||
| 010 | _aUR-7817 | ||
| 020 |
_c65.00 _a9788123758039 |
||
| 035 | _aU-6372 | ||
| 040 |
_adpl _bur |
||
| 082 | _a921 | ||
| 100 |
_915656 _aاجیت پرساد جین |
||
| 245 |
_aرفیع احمد قدوائ اور ان کا عہد / _cاجیت پرساد جین |
||
| 246 |
_aRafi Ahmed KidwaiAur Unka Ahad / _bby Ajit Prasad Jain |
||
| 260 |
_aنئ دہلی _bنیشنل بک ٹرسٹ _c2010 |
||
| 270 |
_a15, Nehru Bhawan, Institutional Area _bNew Delhi _e110070 |
||
| 300 |
_a179,ص _b22 س م (Pbk) |
||
| 700 |
_aعبدالباقی بیگ _915773 |
||
| 942 |
_2ddc _cUR _h921 _mق د و |
||
| 999 |
_c42801 _d42801 |
||